000 00259nam a22001217a 4500
999 _c9567
_d9567
003 OSt
005 20210705103656.0
008 210705b ||||| |||| 00| 0 eng d
020 _a9789881668851
082 _a741.6
245 _aWay of the sign III
942 _2ddc